LEADER 01206nam a2200253 u 4500 001 000000018028 003 CaOOAMICUS 005 20070226110628.0 008 941218s1846 fr u000 u fre u 035 $a10421344 040 $aPUL(R)$bita 100 1 $aLaroque, Jean Baptiste,$csac.$0(OLS)http://pul/name/16139 245 13$aLe bagne et les maisons centrales de force et de correction, ou Compte rendu des essais de moralisation ... /$cpar m. l'abbé Laroque .. 246 30$aCompte rendu des essais de moralisation 260 $aParis :$bA. Sirou et Desquers,$c1846. 300 $a153 p. ;$c22 cm 500 $aContiene indici. 650 4$aMorale e religione.$0(OLS)http://pul/subject/10107 850 $aPUL 852 $aPUL$W1$xDP1 Antico 800$y27$m178 H 19$j25393$nBK-PRI$b $qStampati Antico$B25393$CPULBib$Z2$F25393 $H $81 941 1 $a15 996 $6245$aLe bagne et les maisons centrales de force et de correction, ou Compte rendu des essais de moralisation ...$9(OLS)http://pul/title/25757 996 $6246$aCompte rendu des essais de moralisation$9(OLS)http://pul/title/25758 996 $6260$aParis :$bA. Sirou et Desquers$9(OLS)http://pul/publisher/55541 LEADER 01497nam a2200337 u 4500 001 000000034455 003 CaOOAMICUS 005 20070226112456.0 008 971215s1996 ne u000 u eng u 020 $a9039001812 035 $a10778986 040 $aIPA$bita 100 1 $aMenken, M.J.J.$0(OLS)http://pul/name/26527 245 10$aOld Testament quotations in the Fourth Gospel :$bstudies in textual form /$cMaarten J.J. Menken. 260 $aKampen :$bKok Pharos,$c[1996] 300 $a255 p. ;$c24 cm 490 1 $aContributions to biblical exegesis and theology ;$v15 500 $aLa data è quella del prologo. 500 $aComprende indice. 504 $aBibliografia: p. 213-229. 630 04$aBiblia.$pN.T.$pIohannes$xCritica e interpretazione.$0(OLS)http://pul/subject/37920 630 04$aBiblia.$pV.T.$lGreco.$sSeptuaginta.$0(OLS)http://pul/subject/15191 830 0$aContributions to biblical exegesis and theology ;$v15.$0(OLS)http://pul/title/27171 850 $aPUL 852 $aPUL$W1$xSL Religione 1$y3$m10(4) L 15$j47196$nBK-PRI$b $qStampati$B47196$CPULBib$Z2$F47196 $H $81 941 1 $a8 961 $aINV: 87788 983 0$aContributions to biblical exegesis & theology. 996 $6020$a9039001812$9(OLS)http://pul/number/43214 996 $6245$aOld Testament quotations in the Fourth Gospel :$bstudies in textual form$9(OLS)http://pul/title/47417 996 $6260$aKampen :$bKok Pharos$9(OLS)http://pul/publisher/56079